000 00862nac a22002891i 4500
003 EG-ScBUE
005 20230601101624.0
008 230601s2004 ko ac f 000 0 eng d
020 _a8957700625 (v.1)
020 _a9788957700624
040 _aEG-ScBUE
_beng
_erda
_cEG-ScBUE
_dEG-ScBUE
041 0 _aeng
_akor
082 0 4 _a747.08
_222
_bINT
245 0 0 _aInterior detail.
_nv. 1,
_pResidence.
264 1 _aSeoul, Korea :
_bArchiworld,
_c2004.
300 _a175 pages :
_bcolor illustrations, Portrits ;
_c31 cm
336 _2rdacontent
_atext
_btxt
337 _2rdamedia
_aunmediated
_bn
338 _2rdacarrier
_avolume
_bnc
505 _av. 1 Commerce
546 _aText in Korean and English.
650 7 _aInterior dcoration.
_2BUEsh
650 7 _aInterior architecture.
_2BUEsh
655 _vReading book
740 _aResidence
942 _cBB
_2ddc
999 _c3127
_d3127